Представление документа в формате MARC21

Поле Инд. ПП Название Значение
Тип записи a
Библиографический уровень m
001 Контрольный номер 5eb4927b-e263-434d-8419-6b0d42103056
005 Дата корректировки 20131112094553.9
008 Кодируемые данные 041112
040 a Служба первич. каталог. НБ ТвГУ
041 a Код языка текста rus
080 a Индекс УДК 070.41(075.8)
084 a Индекс другой классификации/Индекс ББК Ч612.14я73-1
090 x Авторский знак С60
a Полочн. индекс 002.6
100 1_ a Автор Солганик Григорий Яковлевич
245 10 a Заглавие Язык и стиль передовой статьи
b Продолж. заглавия учеб.-метод. пособие для студентов фак. и отд-ний журналистики гос. ун-тов
c Ответственность Г. Я. Солганик ; М-во высш. и сред. спец. образования СССР, Науч.-метод. каб. по заоч. и вечер. обучению Моск. гос. ун-та им. М. В. Ломоносова
260 0_ a Место издания Москва
b Издательство Московский государственный университет
c Дата издания 1973
300 a Объем 75 с.
504 a Библиография Библиогр.: с. 74.
650 a Основная рубрика Журналистика
x Основная подрубрика Учебники для вузов
650 a Основная рубрика Жангры газетно-журнальные
x Основная подрубрика Язык и стиль
650 a Основная рубрика Публицистика
653 a Ключевые слова Журналистика
a Ключевые слова Передовая статья
a Ключевые слова Газетно-журнальные жанры
a Ключевые слова Статья
a Ключевые слова Язык и стиль журналистики
a Ключевые слова Газетный стиль
852 t Порядковый номер экземпляра 2
p Инвентарный номер 386613
p Инвентарный номер 386614
930 a Новая/Ретро учебники
954 a Дата поступления на обработку 20041126
999 a Подразделение 2 ч.з.